[Event "TV2 Elo Open 2017"]
[Site "Fagernes NOR"]
[Date "2017.04.13"]
[Round "6"]
[White "Sebastian,Andreas"]
[Black "Melaa,Sondre"]
[Result "0-1"]
[WhiteElo "1810"]
[BlackElo "1708"]

1.c4 Nf6 2.Nc3 e6 3.e3 d5 4.Nf3 Be7 5.b3 O-O 6.Bb2 c5 7.cxd5 exd5 8.d4 Nc6
9.Be2 cxd4 10.Nxd4 Bc5 11.Nxc6 bxc6 12.O-O Bf5 13.Na4 Bd6 14.Qc1 Ne4 15.Qxc6
Qh4 16.f4 Rfd8 17.Qxd5 Bc5 18.Qxe4 Bxe4 19.Nxc5 Bxg2 {#R} 0-1

[Event "TV2 Elo Open 2017"]
[Site "Fagernes NOR"]
[Date "2017.04.13"]
[Round "6"]
[White "Engevik,Bjarne J."]
[Black "Bernstein,Jonas August"]
[Result "0-1"]
[WhiteElo "1787"]
[BlackElo "1593"]

1.c4 Nf6 2.Nc3 e5 3.Qc2 b6 4.Nf3 d6 5.e3 Bb7 6.Be2 Be7 7.d4 Nbd7 8.Qf5 exd4
9.exd4 O-O 10.Be3 d5 11.O-O-O dxc4 12.Bxc4 Bb4 13.Ne5 Bxc3 14.bxc3 Be4 15.Qh3
Qe7 16.Nxd7 Qa3+ 17.Kd2 Nxd7 18.Bh6 gxh6 19.Qg4+ Bg6 20.Qxd7 Qb2+ 21.Ke3 Qxc3+
22.Kf4 Qxc4 23.Rc1 Qxa2 24.Kg3 Qa3+ 25.Kh4 Rfe8 26.Rhe1 Rxe1 27.Rxe1 Qd6
28.Re8+ Rxe8 29.Qxe8+ Kg7 30.g3 Qf6+ {#R} 0-1

[Event "TV2 Elo Open 2017"]
[Site "Fagernes NOR"]
[Date "2017.04.13"]
[Round "6"]
[White "Lang,Gu jr"]
[Black "Mjaaland,Bendik"]
[Result "0-1"]
[WhiteElo "1753"]
[BlackElo "1536"]

1.e4 e5 2.f4 d5 3.exd5 c6 4.Nc3 exf4 5.Nf3 Bd6 6.Bc4 Ne7 7.dxc6 Nbxc6 8.d4 O-O
9.O-O Bg4 10.Bd3 Qd7 11.Ne4 Bxf3 12.Rxf3 Bc7 13.Bxf4 Bxf4 14.Rxf4 Qxd4+ 15.Kh1
Qe5 16.Qd2 Ng6 17.Rf3 Rad8 18.Raf1 Qxe4 19.Qg5 Qe7 20.Qh5 Rd4 21.g3 {#R} 0-1

[Event "TV2 Elo Open 2017"]
[Site "Fagernes NOR"]
[Date "2017.04.13"]
[Round "6"]
[White "Gabrielsen,Rasmus Arvola"]
[Black "Edakina,A"]
[Result "1-0"]
[WhiteElo "1484"]
[BlackElo "1735"]

1.e4 c5 2.Nf3 d6 3.d4 cxd4 4.Nxd4 Nf6 5.Nc3 a6 6.Bg5 e6 7.f4 Be7 8.Qf3 Nc6
9.O-O-O Qc7 10.h3 O-O 11.g4 Rd8 12.h4 d5 13.e5 Ne8 14.Bxe7 Qxe7 15.g5 Bd7
16.Qh3 Nxd4 17.Rxd4 Qc5 18.Rd1 b5 19.Bd3 b4 20.Nb1 a5 21.h5 Bb5 22.Bxh7+ Kxh7
23.g6+ Kg8 24.h6 Qf8 25.Rdg1 f5 26.exf6 Qxf6 27.hxg7 Qxg7 28.Qxe6+ Kf8 29.Rh8+
Qxh8 30.Qf7# 1-0

[Event "TV2 Elo Open 2017"]
[Site "Fagernes NOR"]
[Date "2017.04.13"]
[Round "6"]
[White "Rist,Karl-Johan"]
[Black "Warstad,Leif E"]
[Result "1-0"]
[WhiteElo "1563"]
[BlackElo "1628"]

1.e4 c5 2.Nf3 g6 3.Bc4 Nc6 4.Qe2 Bg7 5.O-O d6 6.Rd1 Nf6 7.d4 cxd4 8.c3 d3
9.Rxd3 O-O 10.e5 Bf5 11.exf6 Bxd3 12.fxe7 Bxe2 13.exd8=Q Raxd8 14.Bxe2 a6
15.Be3 Rfe8 16.Nbd2 d5 17.Nb3 h6 18.Rd1 g5 19.h3 f5 20.Kf1 Kf7 21.Nfd4 f4
22.Bh5+ {#r} 1-0

[Event "TV2 Elo Open 2017"]
[Site "Fagernes NOR"]
[Date "2017.04.13"]
[Round "6"]
[White "Krogseth,Lars Martin"]
[Black "Mansoor,Areeb"]
[Result "1-0"]
[WhiteElo "1618"]
[BlackElo "1061"]

1.c4 e5 2.Nc3 Nf6 3.g3 Bc5 4.Bg2 Nc6 5.a3 d6 6.b4 Bd4 7.Bb2 a6 8.Nf3 Bg4
9.Nxd4 Nxd4 10.Bxb7 Rb8 11.Bxa6 Rb6 12.Bb5+ c6 13.Ba4 O-O 14.Bc2 Qd7 15.f3 Bf5
16.Ne4 Nxe4 17.Bxd4 exd4 18.fxe4 Bg4 19.O-O Bh3 20.Rf4 Re8 21.Qe1 h6 22.Qf2
Rf8 23.Qxd4 Rbb8 24.Qd3 Qe6 25.e5 g6 26.exd6 Qe5 27.Rb1 Qe8 28.c5 Bf5 29.Rxf5
gxf5 30.Qxf5 Kg7 31.Qh7+ Kf6 32.Rf1+ {#r} 1-0

[Event "TV2 Elo Open 2017"]
[Site "Fagernes NOR"]
[Date "2017.04.13"]
[Round "6"]
[White "Hina,Ariza"]
[Black "Hjelm-Hansen,Paul Emil"]
[Result "1-0"]
[WhiteElo "1525"]
[BlackElo "1611"]

1.e4 c6 2.d4 d5 3.Nc3 dxe4 4.Nxe4 Nf6 5.Nxf6+ gxf6 6.Nf3 Bf5 7.Bf4 e6 8.Bc4
Bd6 9.Bg3 Qc7 10.c3 Nd7 11.b4 Nb6 12.Bb3 Nd5 13.Qd2 Bf4 14.Bxf4 Nxf4 15.Nh4
Bg6 16.g3 Nd5 17.c4 Ne7 18.O-O Nf5 19.Nxf5 Bxf5 20.Qh6 Ke7 21.Rfe1 Rag8 22.d5
Rg6 23.Qe3 a6 24.Rad1 Kf8 25.d6 Qd7 26.Qb6 h5 27.Rd2 h4 28.Qc7 e5 29.Bc2 hxg3
30.fxg3 Be6 31.Bxg6 fxg6 32.Qxd7 Bxd7 33.Rf2 Kf7 34.Rxe5 {#r} 1-0

[Event "Pieniny Masters 2017"]
[Site "Lesnica SVK"]
[Date "2017.04.13"]
[Round "4.5"]
[White "Zilka,S"]
[Black "Repka,C"]
[Result "0-1"]
[WhiteElo "2523"]
[BlackElo "2461"]

1.e4 e6 2.d4 d5 3.Nc3 Nf6 4.e5 Nfd7 5.f4 c5 6.Nf3 Nc6 7.Be3 Qb6 8.Na4 Qa5+
9.c3 b6 10.Bd2 c4 11.b4 Qa6 12.g3 b5 13.Nc5 Qa3 14.Bg2 a5 15.Nxd7 Bxd7 16.bxa5
b4 17.Qc2 b3 18.Qd1 b2 19.Rb1 Nxa5 20.Ng5 Ba4 21.Qg4 Bc2 22.Nxe6 fxe6 23.Qxe6+
Be7 24.Qxd5 Rb8 25.Be4 Bxe4 26.Qxe4 O-O 27.f5 Qxa2 28.O-O Nb3 29.Be3 Kh8 30.f6
gxf6 31.exf6 Bxf6 32.Bh6 Rbe8 33.Rxf6 Qxb1+ 34.Qxb1 Rxf6 35.Bf4 Ra6 36.Qxb2
Re1+ 37.Kg2 Rea1 {#R} 0-1

[Event "Pieniny Masters 2017"]
[Site "Lesnica SVK"]
[Date "2017.04.13"]
[Round "5.2"]
[White "Pechac,Jergus"]
[Black "Zilka,S"]
[Result "1-0"]
[WhiteElo "2448"]
[BlackElo "2523"]

1.d4 Nf6 2.Nf3 g6 3.g3 Bg7 4.Bg2 d5 5.O-O O-O 6.Nbd2 c6 7.b3 Bf5 8.Bb2 Ne4
9.Nh4 Nxd2 10.Qxd2 Be6 11.Rac1 c5 12.c4 cxd4 13.c5 Nc6 14.Nf3 Qd7 15.b4 a6
16.a4 Ne5 17.Nxe5 Bxe5 18.Ra1 Bg4 19.Rfc1 Rad8 20.f3 Bh3 21.Bxh3 Qxh3 22.f4
Bg7 23.c6 bxc6 24.Rxc6 e5 25.Rxa6 exf4 26.Qxf4 Rde8 27.Re1 Bh6 28.Qf1 Be3+
29.Kh1 Qc8 30.b5 Qc2 31.Ba3 Bd2 32.Ra1 Bg5 33.Rc6 Qe4+ 34.Qf3 Be7 35.Bc1 f5
36.b6 d3 37.Qxe4 fxe4 38.exd3 Bb4 39.dxe4 Rxe4 40.Bh6 {#r} 1-0

[Event "Pieniny Ladies 2017"]
[Site "Lesnica SVK"]
[Date "2017.04.13"]
[Round "4.1"]
[White "Hiebler,L"]
[Black "Pychova,Nela"]
[Result "0-1"]
[WhiteElo "2029"]
[BlackElo "2161"]

1.c4 c6 2.Nf3 Nf6 3.e3 d5 4.b3 Bg4 5.Bb2 e6 6.Be2 Nbd7 7.Nc3 Bd6 8.h3 Bh5 9.d4
Qe7 10.O-O O-O 11.c5 Bc7 12.b4 Ne4 13.b5 Bxf3 14.Bxf3 Nxc3 15.Bxc3 cxb5 16.Rb1
b6 17.cxb6 axb6 18.Qe2 Bd6 19.Rxb5 Ra3 20.Qb2 Rfa8 21.Ra1 f5 22.Be2 Qf8 23.Bb4
Bxb4 24.Qxb4 Rxa2 25.Rxa2 Rxa2 26.Qe1 Qa3 27.Rb1 Kf7 28.Bb5 Nf6 29.Bc6 Ne4
30.f3 Nc3 31.Qh4 Nxb1 32.Qh5+ Kg8 33.Qe8+ Qf8 34.Qxe6+ Kh8 35.Qxd5 Nc3 36.Qb3
Ra1+ 37.Kf2 Nd1+ 38.Ke2 Qe7 39.g3 Ra3 40.Qxd1 Qxe3+ 41.Kf1 Rc3 {#R} 0-1

[Event "Pieniny Ladies 2017"]
[Site "Lesnica SVK"]
[Date "2017.04.13"]
[Round "4.2"]
[White "Vrtiakova,Anna"]
[Black "Froewis,A"]
[Result "0-1"]
[WhiteElo "1939"]
[BlackElo "2087"]

1.e4 e5 2.Nf3 Nc6 3.d4 exd4 4.Nxd4 Nf6 5.Nxc6 bxc6 6.e5 Qe7 7.Qe2 Nd5 8.c4 Nb6
9.Nc3 Qe6 10.b3 Bb4 11.Bb2 O-O 12.O-O-O Re8 13.Re1 d5 14.a3 Bxc3 15.Bxc3 dxc4
16.b4 Ba6 17.f4 Bb5 18.Rg1 Rad8 19.g4 Rd3 20.Qc2 Red8 21.f5 Qd5 22.Bg2 Qd7
23.e6 fxe6 24.fxe6 Qe7 25.Rgf1 Ba4 26.Qb2 Qxe6 27.Be5 c3 28.Qf2 Qb3 29.Bd6
Qxa3+ {#R} 0-1

[Event "Pieniny Ladies 2017"]
[Site "Lesnica SVK"]
[Date "2017.04.13"]
[Round "4.4"]
[White "Milcova,Z"]
[Black "Richterova,Natasa"]
[Result "0-1"]
[WhiteElo "2041"]
[BlackElo "2210"]

1.Nf3 d5 2.g3 c5 3.Bg2 Nc6 4.d4 cxd4 5.Nxd4 e5 6.Nb3 Be6 7.O-O h6 8.c3 Nf6
9.Be3 Be7 10.Bc5 O-O 11.N1d2 Rc8 12.Rc1 b6 13.Bxe7 Qxe7 14.h3 Rfd8 15.Kh2 Bf5
16.Qe1 Qe6 17.e4 dxe4 18.Nxe4 Nxe4 19.Bxe4 Bxh3 20.Rg1 Bf5 21.g4 Bxg4 22.f3
Bf5 23.Qg3 g6 24.Bxc6 Qxc6 25.Rce1 Be6 26.Rxe5 Bxb3 27.axb3 Qf6 28.Re4 Rc5
29.Rh4 Kg7 30.Qh3 Rd3 31.Rg3 Rd2+ 32.Rg2 Rxg2+ 33.Kxg2 Qg5+ 34.Qg4 Qd2+ 35.Kh3
Rd5 36.Qe4 Qd1 37.Kg2 Rd2+ {#R} 0-1

[Event "ch-KAZ 2017"]
[Site "Almaty KAZ"]
[Date "2017.04.13"]
[Round "3.1"]
[White "Makhnyov,Denis"]
[Black "Kostenko,P"]
[Result "0-1"]
[WhiteElo "2379"]
[BlackElo "2440"]

1.d4 d5 2.Nf3 e6 3.g3 c6 4.Bg2 Nd7 5.O-O Ngf6 6.c4 dxc4 7.a4 b6 8.Nfd2 Ba6
9.Bxc6 Rc8 10.Bb5 Bb7 11.Nc3 h5 12.e4 h4 13.Re1 hxg3 14.hxg3 Bb4 15.Bxc4 Qe7
16.Bf1 Qf8 17.Bg2 Qg8 18.Qe2 Qh7 19.d5 Kf8 20.Nf3 exd5 21.e5 Ne4 22.Qb5 Bxc3
23.bxc3 Ndc5 24.Ba3 Kg8 25.Bxc5 Nxc5 26.a5 Ba6 27.Qb1 Bd3 28.Qb4 b5 29.Nh4 Bc4
30.Rad1 g5 31.Rxd5 Ne6 32.Rd7 gxh4 33.Re4 hxg3 34.fxg3 Qg6 35.Qe7 Rf8 36.Qf6
Qxg3 37.a6 Ng5 {#R} 0-1

[Event "ch-KAZ 2017"]
[Site "Almaty KAZ"]
[Date "2017.04.13"]
[Round "3.3"]
[White "Kuderinov,K"]
[Black "Jumabayev,R"]
[Result "0-1"]
[WhiteElo "2482"]
[BlackElo "2614"]

1.e4 c5 2.Nf3 d6 3.Bb5+ Nd7 4.O-O a6 5.Bxd7+ Bxd7 6.d4 cxd4 7.Qxd4 Rc8 8.Nc3
e5 9.Qd3 h6 10.Be3 Nf6 11.a4 Be6 12.Rfc1 Be7 13.a5 Qc7 14.Bb6 Qc6 15.Rd1 O-O
16.Ne1 Nd7 17.Be3 f5 18.exf5 Rxf5 19.Nd5 Bf8 20.f3 Nc5 21.Qc4 Rf7 22.c3 Qe8
23.Qb4 Bf5 24.Nb6 Rc6 25.Bxc5 dxc5 26.Qc4 e4 27.f4 Rg6 28.Rd2 e3 29.Rd5 Be6
30.Re5 Bd6 31.Rxe3 Bxf4 32.Re4 Bxh2+ 33.Kh1 Bg3 34.Nf3 Qc6 35.Qe2 Bg4 36.Rf1
Re6 37.Rxe6 Qxe6 38.Qxe6 Bxe6 39.Na4 Rf5 40.Kg1 Bd7 41.Nb6 Bc6 42.Rd1 g5
43.Nc4 g4 {#R} 0-1

[Event "GRENKE Chess Open 2017"]
[Site "Karlsruhe GER"]
[Date "2017.04.14"]
[Round "2.1"]
[White "Sinz,B"]
[Black "Vitiugov,N"]
[Result "0-1"]
[WhiteElo "2323"]
[BlackElo "2729"]

1.e4 c5 2.Nf3 a6 3.c3 e6 4.d4 d5 5.e5 Bd7 6.Be3 cxd4 7.Nxd4 Ne7 8.Bd3 Nbc6
9.Nxc6 Nxc6 10.f4 g5 11.Nd2 gxf4 12.Bxf4 Qb6 13.Qb3 Qc7 14.O-O Nxe5 15.Bxe5
Qxe5 16.Rae1 Qc7 17.Qxd5 O-O-O 18.Qh5 Qc5+ 19.Qxc5+ Bxc5+ 20.Kh1 Bc6 21.Ne4
Rxd3 22.Nxc5 Rd2 23.Ne4 Rxb2 24.Rf2 Rxf2 25.Nxf2 Rg8 26.Ne4 Rg4 27.Ng3 Ra4
28.Re2 Bd5 29.Kg1 Rxa2 {#R} 0-1

[Event "GRENKE Chess Open 2017"]
[Site "Karlsruhe GER"]
[Date "2017.04.14"]
[Round "2.2"]
[White "Matlakov,M"]
[Black "Hacker,Jonas"]
[Result "1-0"]
[WhiteElo "2707"]
[BlackElo "2322"]

1.Nf3 d5 2.g3 c6 3.Bg2 Bg4 4.O-O Nd7 5.d3 e5 6.h3 Bh5 7.e4 dxe4 8.dxe4 f6
9.Nbd2 a5 10.Nc4 Qc7 11.Qe2 Bc5 12.Bd2 b5 13.Ne3 Ne7 14.a4 b4 15.c3 b3 16.g4
Bf7 17.g5 h6 18.gxf6 Nxf6 19.Nh4 O-O 20.Ng4 Nh5 21.Be3 Bxe3 22.fxe3 Ng3
23.Nxh6+ Kh7 24.Qf3 Bc4 25.Qxg3 Bxf1 26.Ng4 Bxg2 27.Kxg2 Rad8 28.Kh1 Rd2
29.Nf3 Rxf3 30.Qxf3 Ng8 31.Rg1 Qe7 32.Rg2 Qh4 33.Nxe5 Rxg2 34.Kxg2 Qg5+ 35.Qg3
{#r} 1-0

[Event "GRENKE Chess Open 2017"]
[Site "Karlsruhe GER"]
[Date "2017.04.14"]
[Round "2.3"]
[White "Fuchs,Fl"]
[Black "Bacrot,E"]
[Result "0-1"]
[WhiteElo "2321"]
[BlackElo "2696"]

1.e4 e5 2.Nf3 Nc6 3.Bb5 a6 4.Ba4 Nf6 5.O-O Be7 6.Re1 b5 7.Bb3 d6 8.c3 O-O 9.h3
Na5 10.Bc2 c5 11.d4 Nd7 12.Nbd2 exd4 13.cxd4 Nc6 14.dxc5 dxc5 15.e5 Bb7 16.Qe2
c4 17.Qe4 g6 18.Qf4 Qc7 19.h4 Ncxe5 20.Nxe5 Bd6 21.Ndf3 Nxe5 22.Nxe5 Rfe8
23.Be4 Rxe5 {#R} 0-1

[Event "GRENKE Chess Open 2017"]
[Site "Karlsruhe GER"]
[Date "2017.04.14"]
[Round "2.4"]
[White "Rapport,R"]
[Black "Hoeffer,D"]
[Result "1-0"]
[WhiteElo "2696"]
[BlackElo "2319"]

1.d4 Nf6 2.c4 g6 3.Nc3 Bg7 4.e4 d6 5.Nge2 O-O 6.Ng3 h5 7.Be2 h4 8.Nf1 c5 9.d5
e6 10.Nd2 exd5 11.cxd5 Re8 12.O-O a6 13.a4 Nbd7 14.Kh1 Ne5 15.Ndb1 h3 16.g3
Rb8 17.Na3 Qc7 18.f3 Bd7 19.Be3 c4 20.a5 Qxa5 21.Nxc4 Qb4 22.Nb6 Qxb2 23.Bd4
Qb4 24.Nxd7 Nexd7 25.Ra4 Qb2 26.Nb1 {#r} 1-0

[Event "GRENKE Chess Open 2017"]
[Site "Karlsruhe GER"]
[Date "2017.04.14"]
[Round "2.5"]
[White "Rietze,C"]
[Black "Fedoseev,Vl3"]
[Result "0-1"]
[WhiteElo "2313"]
[BlackElo "2684"]

1.d4 Nf6 2.c4 e6 3.Nc3 Bb4 4.e3 O-O 5.Ne2 c6 6.a3 Ba5 7.b4 Bc7 8.e4 d5 9.e5
Ne8 10.Ng3 f6 11.exf6 Qxf6 12.Be3 Nd7 13.Bd3 Nd6 14.O-O Qh4 15.Qe2 Nf6 16.f3
dxc4 17.Bxc4 Nd5 18.Nxd5 exd5 19.Bd3 Bd7 20.Bf2 Qf6 21.Rfe1 g6 22.Qe7 Qxe7
23.Rxe7 Rf7 24.Rxf7 Kxf7 25.Ne2 a5 26.Be1 Bf5 27.Rd1 Bxd3 28.Rxd3 Nc4 29.Rb3
b5 30.Kf2 g5 31.Nc1 Bf4 32.Ne2 Bd6 33.Nc1 h5 34.Na2 a4 35.Rc3 Bxh2 36.g3 Re8
37.Rc1 h4 38.gxh4 gxh4 39.Kf1 Ne3+ 40.Kf2 Nc4 41.Kf1 h3 42.Nc3 Bf4 43.Ra1 h2
44.Kg2 Rg8+ {#R} 0-1

[Event "GRENKE Chess Open 2017"]
[Site "Karlsruhe GER"]
[Date "2017.04.14"]
[Round "2.8"]
[White "Kovalenko,I"]
[Black "Podat,V"]
[Result "1-0"]
[WhiteElo "2659"]
[BlackElo "2308"]

1.Nf3 d5 2.c4 e6 3.d4 a6 4.cxd5 exd5 5.Nc3 Nf6 6.Bg5 Be6 7.e3 Nbd7 8.Bd3 h6
9.Bh4 Bd6 10.Qc2 O-O 11.O-O Qb8 12.Na4 b6 13.Rab1 Rc8 14.b4 c6 15.Bg3 Bxg3
16.hxg3 Qd6 17.Rfc1 a5 18.bxa5 b5 19.Nb6 Nxb6 20.axb6 Qb8 21.Ne5 Qxb6 22.Nxc6
Qc7 23.Rxb5 {#r} 1-0

[Event "GRENKE Chess Open 2017"]
[Site "Karlsruhe GER"]
[Date "2017.04.14"]
[Round "2.9"]
[White "Buckels,Valentin"]
[Black "Piorun,K"]
[Result "0-1"]
[WhiteElo "2309"]
[BlackElo "2651"]

1.d4 f5 2.g3 Nf6 3.Bg2 g6 4.Nf3 Bg7 5.O-O O-O 6.b3 b6 7.Bb2 Bb7 8.c4 e6 9.Nc3
Ne4 10.Qc1 Qe7 11.Rd1 d6 12.d5 Nxc3 13.Bxc3 Bxc3 14.Qxc3 e5 15.Qe3 Na6 16.Ng5
f4 17.gxf4 Rxf4 18.Qg3 Bc8 19.h3 Bd7 20.e3 Rf5 21.h4 Raf8 22.Rf1 Kh8 23.Bh3 h6
24.Bxf5 gxf5 25.Kg2 hxg5 26.hxg5 f4 27.Rh1+ Kg8 28.Qh4 Qg7 29.Rag1 f3+ 30.Kf1
e4 31.Ke1 Nc5 {#R} 0-1

[Event "GRENKE Chess Open 2017"]
[Site "Karlsruhe GER"]
[Date "2017.04.14"]
[Round "2.11"]
[White "Koepke,C"]
[Black "Kuzubov,Y"]
[Result "0-1"]
[WhiteElo "2307"]
[BlackElo "2641"]

1.e4 c6 2.d4 d5 3.e5 Bf5 4.h4 h5 5.Bd3 Bxd3 6.Qxd3 e6 7.Bg5 Qa5+ 8.Nd2 Qa6
9.c4 Ne7 10.Ngf3 Nd7 11.O-O Nf5 12.Qc3 dxc4 13.Nxc4 Nb6 14.Ne3 Ne7 15.a3 O-O-O
16.Qc2 Rd7 17.b4 Qa4 18.Qb2 Ned5 19.Rfc1 Kb8 20.Nf1 Qb5 21.Rc2 Qd3 22.Ne1 Qg6
23.b5 cxb5 24.Qxb5 Be7 25.a4 Bxg5 26.hxg5 Nc7 27.Qb2 Ka8 28.Rac1 Nbd5 29.Ne3
Rb8 30.Nc4 h4 31.a5 Qxg5 32.Nb6+ Nxb6 33.axb6 Na6 34.bxa7 Kxa7 35.Rb1 Qd8
36.Rc4 h3 37.gxh3 Rc8 38.Rxc8 Qxc8 39.Nd3 Qc6 40.Rc1 Qb6 41.Qxb6+ Kxb6 42.Rb1+
Kc6 {#R} 0-1

[Event "GRENKE Chess Open 2017"]
[Site "Karlsruhe GER"]
[Date "2017.04.14"]
[Round "2.12"]
[White "Kozul,Z"]
[Black "Kniest,O"]
[Result "1-0"]
[WhiteElo "2631"]
[BlackElo "2301"]

1.Nf3 Nf6 2.g3 b6 3.Bg2 Bb7 4.O-O c5 5.e3 g6 6.d4 cxd4 7.exd4 Bg7 8.a4 a6 9.c4
d5 10.Ne5 Ra7 11.a5 dxc4 12.axb6 Qxb6 13.Qa4+ Nfd7 14.Nxc4 Qd8 15.d5 O-O
16.Be3 Ra8 17.Na5 Bc8 {#r} 1-0

[Event "GRENKE Chess Open 2017"]
[Site "Karlsruhe GER"]
[Date "2017.04.14"]
[Round "2.15"]
[White "Banusz,T"]
[Black "Seresin,Francesco"]
[Result "1-0"]
[WhiteElo "2613"]
[BlackElo "2299"]

1.Nf3 Nf6 2.c4 c6 3.d4 d5 4.g3 g6 5.Bg2 Bg7 6.b3 O-O 7.O-O Bg4 8.Bb2 Nbd7 9.h3
Bxf3 10.Bxf3 dxc4 11.bxc4 Re8 12.Nd2 e5 13.e3 Qc7 14.Qc2 h5 15.h4 Rad8 16.Rad1
Ng4 17.Ne4 Ndf6 18.Nxf6+ Bxf6 19.d5 e4 20.Bxg4 Bxb2 21.Bf5 Qe5 22.Bxe4 Qxe4
23.Qxb2 Qxc4 24.Qxb7 cxd5 25.Qxa7 Ra8 26.Qb7 Rxa2 27.Rxd5 Qe2 28.Qb6 Qf3
29.Qd4 Re2 {#r} 1-0

[Event "GRENKE Chess Open 2017"]
[Site "Karlsruhe GER"]
[Date "2017.04.14"]
[Round "2.17"]
[White "Bosiocic,Mari"]
[Black "Lagunow,Raphael"]
[Result "1-0"]
[WhiteElo "2610"]
[BlackElo "2296"]

1.e4 c5 2.Nf3 Nc6 3.Bb5 g6 4.Bxc6 dxc6 5.d3 Bg7 6.h3 Nh6 7.a4 a5 8.Na3 f6
9.Be3 b6 10.Nc4 Nf7 11.O-O Nd6 12.Nfd2 Be6 13.b3 f5 14.Rb1 O-O 15.f4 Bc3
16.Qe2 Rb8 17.e5 Ne8 18.Nf3 Nc7 19.Bd2 Nd5 20.Qe1 Bxd2 21.Qxd2 Nc7 22.Nb2 Bd5
23.Nh2 Bf7 24.Kh1 Ne6 25.Nc4 Nd4 26.Ne3 Qc7 27.Qd1 b5 28.c3 Ne6 29.g4 Nxf4
30.Rxf4 Qxe5 31.Qf3 bxa4 32.gxf5 axb3 33.Nhg4 Qxc3 34.Nh6+ Kg7 35.Nxf7 Rxf7
36.fxg6 Rxf4 37.Qxf4 Rf8 38.Nf5+ Kg8 39.Qh6 Rxf5 40.Qxh7+ Kf8 41.g7+ {#r} 1-0

[Event "GRENKE Chess Open 2017"]
[Site "Karlsruhe GER"]
[Date "2017.04.14"]
[Round "2.18"]
[White "Weidemann,J"]
[Black "Buhmann,R"]
[Result "0-1"]
[WhiteElo "2298"]
[BlackElo "2609"]

1.e4 e6 2.d4 d5 3.e5 c5 4.c3 Qb6 5.Nf3 Nc6 6.a3 Nh6 7.b4 cxd4 8.cxd4 Nf5 9.Bb2
Bd7 10.Be2 h5 11.O-O Be7 12.Qd2 g5 13.Rd1 g4 14.Ne1 Rg8 15.Bc3 a6 16.Qb2 h4
17.g3 f6 18.exf6 Bxf6 19.Nc2 Rc8 20.a4 Nce7 21.Kg2 Kf7 22.Rd3 Nd6 23.Ne3 Nc4
24.Qb3 Nxe3+ 25.fxe3 Qc7 26.Be1 Qc2 27.Nd2 Nf5 28.Bd1 Qxb3 29.Nxb3 b6 30.Bf2
Rc4 31.a5 Rxb4 32.axb6 Rxb6 33.Nc5 Bb5 34.Rb3 Rc6 35.Nd7 hxg3 36.Bxg3 Rgc8
37.Nxf6 Kxf6 38.Bxg4 Rc2+ 39.Kf3 Rf8 40.Re1 Nxd4+ 41.exd4 Kg5+ {#R} 0-1

[Event "GRENKE Chess Open 2017"]
[Site "Karlsruhe GER"]
[Date "2017.04.14"]
[Round "2.20"]
[White "Buecker,S"]
[Black "Onischuk,V"]
[Result "0-1"]
[WhiteElo "2295"]
[BlackElo "2599"]

1.e4 d6 2.d4 Nf6 3.Nc3 g6 4.f4 Bg7 5.Nf3 O-O 6.e5 dxe5 7.fxe5 Nd5 8.Bc4 Nxc3
9.bxc3 c5 10.O-O Bg4 11.h3 Bxf3 12.Qxf3 Nc6 13.Bxf7+ Kh8 14.e6 cxd4 15.Bf4
dxc3 16.Rab1 Ne5 17.Qxb7 Nxf7 18.exf7 Rxf7 19.Kh1 Qf8 20.Rf3 Rd8 21.Rbf1 Rd4
22.Be3 Rxf3 23.Rxf3 Rd1+ 24.Kh2 Be5+ 25.g3 Qd8 26.Rf2 Bf6 27.Bxa7 Rd2 28.Qe4
Qa5 29.Be3 Rxf2+ 30.Bxf2 Qxa2 31.g4 Qf7 32.h4 h5 33.Kh3 hxg4+ 34.Kxg4 Kg7
35.Be1 Qe8 36.Kf3 Qb5 37.Bxc3 Qf1+ 38.Kg3 Bxc3 39.Qxe7+ Qf7 40.Qxf7+ Kxf7
41.Kf4 Kg7 {#R} 0-1

[Event "GRENKE Chess Open 2017"]
[Site "Karlsruhe GER"]
[Date "2017.04.14"]
[Round "2.21"]
[White "Fridman,D"]
[Black "Farmani Anosheh,A"]
[Result "1-0"]
[WhiteElo "2597"]
[BlackElo "2293"]

1.Nf3 Nf6 2.c4 e6 3.g3 d5 4.Bg2 Be7 5.d4 O-O 6.Qc2 c6 7.O-O b6 8.Rd1 Bb7 9.b3
Nbd7 10.Nc3 Rc8 11.e4 Nxe4 12.Nxe4 dxe4 13.Qxe4 Qc7 14.Bf4 Bd6 15.Bxd6 Qxd6
16.c5 Qe7 17.b4 a5 18.a3 Ra8 19.Nd2 axb4 20.axb4 bxc5 21.dxc5 Qf6 22.Rxa8 Bxa8
23.Nc4 Qe7 24.Qe3 h6 25.Qa3 Rd8 26.Qd3 {#r} 1-0

[Event "GRENKE Chess Open 2017"]
[Site "Karlsruhe GER"]
[Date "2017.04.14"]
[Round "2.22"]
[White "Erdos,V"]
[Black "Mueller,Constantin"]
[Result "1-0"]
[WhiteElo "2593"]
[BlackElo "2288"]

1.d4 e6 2.c4 d5 3.Nc3 Nf6 4.cxd5 exd5 5.Bg5 c6 6.e3 Be7 7.Bd3 Nbd7 8.Nge2 Nh5
9.Bxe7 Qxe7 10.g4 Nhf6 11.Ng3 g6 12.Qe2 Nb6 13.g5 Ng8 14.h4 h6 15.f4 hxg5
16.fxg5 Bd7 17.O-O-O O-O-O 18.Qf2 Bg4 19.Rde1 f5 20.Qf4 Nd7 21.h5 Bxh5 22.Kb1
Qg7 23.Nxh5 gxh5 24.Nxd5 {#r} 1-0

[Event "GRENKE Chess Open 2017"]
[Site "Karlsruhe GER"]
[Date "2017.04.14"]
[Round "2.23"]
[White "Schmitzer,K"]
[Black "Bogner,S"]
[Result "1-0"]
[WhiteElo "2289"]
[BlackElo "2592"]

1.e4 c5 2.Nf3 a6 3.Nc3 e6 4.d4 cxd4 5.Nxd4 b5 6.Bd3 Bb7 7.O-O Nc6 8.Be3 Qc7
9.Kh1 Nf6 10.f4 b4 11.Na4 Nxd4 12.Bxd4 Nxe4 13.Qe2 Nc5 14.Nxc5 Bxc5 15.Bxc5
Qxc5 16.f5 O-O 17.c3 bxc3 18.Rac1 exf5 19.Rxf5 Qd6 20.Rxc3 Rae8 21.Qf1 g6
22.Rf2 Re5 23.Bc4 Qe7 24.Re2 a5 25.Rxe5 Qxe5 26.Rc2 Be4 27.Rf2 d5 28.Bb3 Qc7
29.Rd2 Rd8 30.Qf6 Qd6 31.Qd4 Qf4 32.Kg1 Rc8 33.Bd1 Rc1 34.b3 Qg4 35.Kf1 Bxg2+
36.Kf2 Qh3 37.Qe5 Be4 38.Qe8+ Kg7 39.Qe5+ Kf8 40.Qh8+ {#r} 1-0

[Event "GRENKE Chess Open 2017"]
[Site "Karlsruhe GER"]
[Date "2017.04.14"]
[Round "2.24"]
[White "Indjic,A"]
[Black "Meier,V"]
[Result "1-0"]
[WhiteElo "2589"]
[BlackElo "2287"]

1.d4 Nf6 2.c4 g6 3.Nc3 Bg7 4.e4 d6 5.h3 O-O 6.Be3 e5 7.d5 c6 8.g4 cxd5 9.exd5
a6 10.a4 Nbd7 11.Nge2 Nc5 12.Ng3 Qa5 13.Qc2 b5 14.g5 Ne8 15.cxb5 axb5 16.Bxb5
f5 17.gxf6 Nxf6 18.Bxc5 dxc5 19.d6 Kh8 20.O-O-O Bd7 21.Bxd7 Nxd7 22.h4 Bh6+
23.Kb1 Bf4 24.Nge4 Rab8 25.h5 g5 26.Nd5 Rb7 27.Nxf4 gxf4 28.Ng5 Nf6 29.d7 Rfb8
30.Kc1 Ng8 {#r} 1-0

[Event "GRENKE Chess Open 2017"]
[Site "Karlsruhe GER"]
[Date "2017.04.14"]
[Round "2.25"]
[White "Kersten,U"]
[Black "Kulaots,K"]
[Result "0-1"]
[WhiteElo "2287"]
[BlackElo "2588"]

1.d4 Nf6 2.Bf4 g6 3.Nc3 d5 4.e3 c6 5.Bd3 Bg7 6.h3 O-O 7.Nf3 Nbd7 8.O-O b6 9.e4
dxe4 10.Nxe4 Bb7 11.Nxf6+ Nxf6 12.Re1 c5 13.dxc5 bxc5 14.c3 Nd5 15.Bg3 Qb6
16.Qc2 Rad8 17.Nd2 Qc6 18.Bf1 f6 19.Nc4 Ba8 20.Qb3 e5 21.Rad1 Kh8 22.Qa3 Rd7
23.Na5 Qc7 24.Nb3 Rc8 25.Ba6 Qc6 26.Bxc8 Nxc3 27.f3 Rxd1 28.Qxc5 Ne2+ 29.Kh2
Qxc5 30.Nxc5 Rd2 31.Ne6 Nxg3 32.Kxg3 Bh6 33.h4 Bd5 34.Nc7 Bf4+ 35.Kh3 Bxf3
{#R} 0-1

[Event "GRENKE Chess Open 2017"]
[Site "Karlsruhe GER"]
[Date "2017.04.14"]
[Round "2.26"]
[White "Papp,Ga"]
[Black "Bomans,A"]
[Result "1-0"]
[WhiteElo "2581"]
[BlackElo "2286"]

1.e4 c5 2.Nf3 e6 3.d4 cxd4 4.Nxd4 Nc6 5.Nc3 Qc7 6.Qd3 a6 7.Nxc6 Qxc6 8.Be2 d6
9.Bf4 b5 10.Bf3 Bb7 11.a3 e5 12.Be3 Nf6 13.O-O Be7 14.Bg5 O-O 15.Rfd1 Rad8
16.a4 b4 17.Bxf6 Bxf6 18.Nd5 Bg5 19.Nxb4 Qb6 20.Qb3 a5 21.Nd5 Qxb3 22.cxb3
Bxd5 23.Rxd5 Ra8 24.Rxd6 Rfb8 25.Rd3 Rc8 26.Rd5 f6 27.Be2 Rc1+ 28.Rxc1 Bxc1
29.Bc4 Kh8 30.b4 axb4 31.b3 Bb2 32.a5 Bd4 33.a6 g5 34.Rb5 Kg7 35.Rxb4 Kf8
36.Kf1 Ke8 37.Ke2 Kd8 38.f3 Bc5 39.Rb5 Rc8 40.Bd5 Bd4 41.Kd2 Rc5 42.a7 {#r}
1-0